| 000 | 00362nam a2200133Ia 4500 | ||
|---|---|---|---|
| 008 | 240624s9999 xx 000 0 und d | ||
| 041 | _aeng | ||
| 082 | _a303.342 MOR | ||
| 100 | _aBY MORRIS TREVOR | ||
| 245 | _aPR A PERSUASIVE INDUSTRY SPIN PUBLIC REL | ||
| 260 |
_c2008 _aEurope _bPalgrave Macmillan |
||
| 300 | _axiii, : 204 : p. : cm. ; 23 | ||
| 365 |
_cRS _b30 |
||
| 999 |
_c19651 _d19651 |
||